Bremer Stadtteile mit Karte - Statistiken

Allgemein
  • Dieses Quiz wurde 127 mal gespielt
  • Das Durchschnittsergebnis liegt bei 10 aus 23
Antworten auf der Karte
Die Antworten werden auf der Karte rot bzw. grün angezeigt, abhängig davon wie oft sie richtig erraten wurden.
 
Antwortstatistiken
Stadtteil % Korrekt
Mitte
76%
Neustadt
68%
Vegesack
63%
Walle
62%
Schwachhausen
58%
Hemelingen
55%
Gröpelingen
53%
Häfen
50%
Vahr
50%
Oberneuland
49%
Findorff
43%
Horn-Lehe
43%
Huchting
41%
Blumenthal
39%
Borgfeld
37%
Osterholz
37%
Blockland
33%
Woltmershausen
28%
Östliche Vorstadt
26%
Obervieland
24%
Seehausen
20%
Strom
20%
Burglesum
18%
Keine übereinstimmenden Quizze gefunden
Verteilung der Resultate
Anzahl Personen mit jedem Resultat
Perzentil nach korrekt beantworteten Fragen
Ihre Resultats-Entwicklung
Sie haben dieses Quiz noch nicht gespielt